<?xml version="1.0" encoding="UTF-8"?>
<record
    xmlns:xsi="http://www.w3.org/2001/XMLSchema-instance"
    xsi:schemaLocation="http://www.loc.gov/MARC21/slim http://www.loc.gov/standards/marcxml/schema/MARC21slim.xsd"
    xmlns="http://www.loc.gov/MARC21/slim">

  <leader>00606nam a22002057a 4500</leader>
  <controlfield tag="005">20231102151846.0</controlfield>
  <controlfield tag="008">150825b        xxu||||| |||| 00| 0 spa d</controlfield>
  <datafield tag="020" ind1=" " ind2=" ">
    <subfield code="a">978-84-9022-413-7</subfield>
  </datafield>
  <datafield tag="082" ind1=" " ind2=" ">
    <subfield code="a">610.73 C583c 2014</subfield>
  </datafield>
  <datafield tag="245" ind1=" " ind2=" ">
    <subfield code="a">Clasificacion de intervenciones de enfermeria (NIC)</subfield>
  </datafield>
  <datafield tag="250" ind1=" " ind2=" ">
    <subfield code="a">6a ed </subfield>
  </datafield>
  <datafield tag="260" ind1=" " ind2=" ">
    <subfield code="a">Esapa&#xF1;a</subfield>
    <subfield code="b">Elsevier</subfield>
    <subfield code="c">2014</subfield>
  </datafield>
  <datafield tag="300" ind1=" " ind2=" ">
    <subfield code="a">634p</subfield>
  </datafield>
  <datafield tag="500" ind1=" " ind2=" ">
    <subfield code="a">Incluye bibliograf&#xED;a </subfield>
  </datafield>
  <datafield tag="650" ind1=" " ind2=" ">
    <subfield code="a">1-Introduccion a la NIC / 2-Taxonomia / 3-Clasificacion ,65</subfield>
  </datafield>
  <datafield tag="700" ind1=" " ind2=" ">
    <subfield code="a">Bulechek M. Gloria </subfield>
  </datafield>
  <datafield tag="700" ind1=" " ind2=" ">
    <subfield code="a">Butcher K. Howard</subfield>
  </datafield>
  <datafield tag="700" ind1=" " ind2=" ">
    <subfield code="a">Wagner M. Cheryl (etc)</subfield>
  </datafield>
  <datafield tag="942" ind1=" " ind2=" ">
    <subfield code="2">ddc</subfield>
    <subfield code="c">LB</subfield>
  </datafield>
  <datafield tag="952" ind1=" " ind2=" ">
    <subfield code="0">0</subfield>
    <subfield code="1">0</subfield>
    <subfield code="2">lcc</subfield>
    <subfield code="4">0</subfield>
    <subfield code="7">0</subfield>
    <subfield code="a">15</subfield>
    <subfield code="b">15</subfield>
    <subfield code="d">2014-01-26</subfield>
    <subfield code="l">8</subfield>
    <subfield code="o">610.73 C583c 2014</subfield>
    <subfield code="p">15 007131</subfield>
    <subfield code="r">2024-01-10</subfield>
    <subfield code="s">2024-01-09</subfield>
    <subfield code="t">1</subfield>
    <subfield code="w">2015-08-25</subfield>
    <subfield code="y">LB</subfield>
  </datafield>
  <datafield tag="952" ind1=" " ind2=" ">
    <subfield code="0">0</subfield>
    <subfield code="1">0</subfield>
    <subfield code="2">lcc</subfield>
    <subfield code="4">0</subfield>
    <subfield code="7">0</subfield>
    <subfield code="a">15</subfield>
    <subfield code="b">15</subfield>
    <subfield code="d">2015-06-02</subfield>
    <subfield code="l">9</subfield>
    <subfield code="o">610.73 C583c 2014</subfield>
    <subfield code="p">15 007255</subfield>
    <subfield code="r">2024-01-10</subfield>
    <subfield code="s">2024-01-10</subfield>
    <subfield code="t">2</subfield>
    <subfield code="w">2015-08-28</subfield>
    <subfield code="y">LB</subfield>
  </datafield>
  <datafield tag="952" ind1=" " ind2=" ">
    <subfield code="0">0</subfield>
    <subfield code="1">0</subfield>
    <subfield code="2">lcc</subfield>
    <subfield code="4">0</subfield>
    <subfield code="7">0</subfield>
    <subfield code="a">15</subfield>
    <subfield code="b">15</subfield>
    <subfield code="d">2015-10-21</subfield>
    <subfield code="l">11</subfield>
    <subfield code="o">610.73 C583c 2014</subfield>
    <subfield code="p">15 007625</subfield>
    <subfield code="r">2024-01-10</subfield>
    <subfield code="s">2024-01-10</subfield>
    <subfield code="t">3</subfield>
    <subfield code="w">2016-02-25</subfield>
    <subfield code="y">LB</subfield>
  </datafield>
  <datafield tag="952" ind1=" " ind2=" ">
    <subfield code="0">0</subfield>
    <subfield code="1">0</subfield>
    <subfield code="2">lcc</subfield>
    <subfield code="4">0</subfield>
    <subfield code="7">0</subfield>
    <subfield code="a">15</subfield>
    <subfield code="b">15</subfield>
    <subfield code="d">2015-10-21</subfield>
    <subfield code="l">15</subfield>
    <subfield code="m">1</subfield>
    <subfield code="o">610.73 C583c 2014</subfield>
    <subfield code="p">15 007626</subfield>
    <subfield code="r">2024-01-10</subfield>
    <subfield code="s">2024-01-10</subfield>
    <subfield code="t">4</subfield>
    <subfield code="w">2016-02-25</subfield>
    <subfield code="y">LB</subfield>
  </datafield>
  <datafield tag="999" ind1=" " ind2=" ">
    <subfield code="c">97778</subfield>
    <subfield code="d">97778</subfield>
  </datafield>
</record>
